| 000 | 02162nam a2200301Ia 4500 | ||
|---|---|---|---|
| 999 |
_c53775 _d53775 |
||
| 001 | 20825 | ||
| 003 | GE_BSU | ||
| 005 | 20210426120004.0 | ||
| 008 | 181216s ||||ge |||||||||||||| ||geo|| | ||
| 020 | _a9789941131608 | ||
| 040 | _cGE_BSU | ||
| 041 | _ageo | ||
| 080 | _a546(075.8)+54 ლ–40 | ||
| 100 |
_aლეკიშვილი, ნოდარ _911567 |
||
| 245 |
_aზოგადი და არაორგანული ქიმია : ნაწ. 1. ფუნდამენტური პრინციპი და თეორიული საფუძვლები _bსახელმძღვანელო / _cნოდარ ლეკიშვილი, ქრისტინე გიორგაძე, ზურაბ ფაჩულია ; რედ. : მაია რუსია, გიული ანდრონიკაშვილი |
||
| 264 |
_aთბილისი : _bთბილისის სახელმწიფო უნივერსიტეტი, _c2010. |
||
| 300 |
_a298გვ; _bცხრ.,ნახ. ; _c24 სმ. |
||
| 504 | _aბიბლიოგრფია : გვ. 297 | ||
| 541 | _h25ლ. | ||
| 653 | _aზოგადი და არაორგანული ქიმია : [სახელმძღვანელო ქიმ. სპეც. სტუდენტებისათვის | ||
| 653 | _aზოგადი ქიმია -- სახელმძღვანელო უმაღლესი სასწავლებლებისათვის. არაორგანული ქიმია -- სახელმძღვანელო უმაღლესი სასწავლებლებისათვის. | ||
| 653 | _aქიმია | ||
| 700 |
_aგიორგაძე, ქრისტინე _eავტორი _9632 |
||
| 700 |
_aფაჩულია, ზურაბ _eავტორი _9633 |
||
| 700 |
_aრუსია, მაია _eრედაქტორი _9634 |
||
| 700 |
_aანდრონიკაშვილი, გიული _eრედაქტორი _911568 |
||
| 942 |
_cBK _2udc |
||